| 000 | 005130000a22001810004500 | ||
|---|---|---|---|
| 003 | MACL | ||
| 005 | 20160426164938.0 | ||
| 008 | 160426b xxu||||| |||| 00| 0 eng d | ||
| 040 |
_aMACL _cMACL |
||
| 041 | _aHindi | ||
| 082 | _a800 | ||
| 100 |
_aप्रेमचंद _954151 |
||
| 245 | _aप्रेमचंद के पत्र 3 | ||
| 260 |
_bसरस्वती प्रेस _c1993 _aदिल्ली |
||
| 350 | _a50 | ||
| 650 |
_aLiteracture _954152 |
||
| 942 |
_cHIN _k800/PRE/L _2ddc |
||
| 999 |
_c19594 _d19594 |
||